Doctor Strange Characters By Picture Quiz Stats

Quiz not verified by Sporcle

Challenge
Share
Tweet
Score 0/23 Timer 10:00
0 Plays Today
% Correct
Dr. Strange
100%
Ancient One
78.5%
Scarlet Witch
78.5%
Dormammu
72.7%
Wong
71.5%
The Defenders
70.7%
Baron Mordo
64.2%
Brother Voodoo
62.2%
Nightmare
54.7%
Clea
51.8%
Eternity
44.9%
Dracula
41.9%
% Correct
Mindless Ones
41.7%
Shuma-Gorath
40.5%
Umar
18.3%
Nebulon
13.9%
Agamotto
12.9%
Satannish
11.8%
Silver Dagger
10.6%
Morgana Blessing
8.1%
Sara Wolfe
7.3%
Sise-Neg
7.3%
Rintrah
7.3%

You're not logged in!

Compare scores with friends on all Sporcle quizzes.
Sign Up with Email
OR
Log In

You Might Also Like...

Show Comments

Extras

Top Quizzes Today


Score Distribution

Your Account Isn't Verified!

In order to create a playlist on Sporcle, you need to verify the email address you used during registration. Go to your Sporcle Settings to finish the process.